00607nam a2200145 a 450000100100000000500170001000800410002704000250006811000520009324501040014526000700024930000200031995201050033999900170044400004503920201002045827.0150129s1974 dr 000 0 spa d aDO-SdBNPbspacBNPHU1 aInstituto Dominicano de Seguros Sociales93711510aReglamento :bpara la ejecución de la ley Num. 1896 y sus modificaciones, sobre seguros sociales. aSanto Domingo :bInstituto Dominicano de Seguros Sociales,c1974. a28 p. ;c15 cm. 0010718PDaPDbPDcCTd2015-01-29iLF1l0o p45039-10r2020-06-25w2020-06-25yLFPDZNo se presta c44528d44528